Contract and risk management for supply chain management professionals

Сохранить в:
Библиографические подробности
Главный автор: Humbert, X. Paul
Другие авторы: Mastice, Robert C.
Формат:
Опубликовано: New Jersey : X. Paul Humbert, Esq., Summit c2014
Предметы:
Метки: Добавить метку
Нет меток, Требуется 1-ая метка записи!

MARC

LEADER 00000nam a2200000 4500
020 |a 9780615956718  |c TZs.243262.48 
040 |a MUL  |b eng  |e AACR 
082 |a 658.72 HUM 
100 |a Humbert, X. Paul 
245 |a Contract and risk management for supply chain management professionals  |c / Paul Humbert and Robert C. Mastice 
260 |a New Jersey :  |b X. Paul Humbert, Esq., Summit  |c c2014 
300 |a vi,306 p.:  |c 23cm 
504 |a Includes index 
546 |a eng 
650 |a Risk management 
650 |a Business logistics 
650 |a Contracts 
700 |a Mastice, Robert C. 
942 |c BK 
999 |c 5904  |d 5904